| 000 | 00796nam a22002057a 4500 | ||
|---|---|---|---|
| 999 |
_c1413 _d1413 |
||
| 003 | AR-CdUCM | ||
| 008 | 190227b ||||| |||| 00| 0 spa d | ||
| 040 |
_aMUNICIPALIDAD PROVINCIAL DEL CUSCO _cBIBLIOTECA MUNICIPAL DEL CUSCO |
||
| 082 |
_a335.4 / _bL42 |
||
| 100 |
_aLeibzon, Boris _95368 |
||
| 245 |
_aEl revolucionarismo pequeñoburgues : _bAcerca del anarquismo, el trotskismo y el maoismo / |
||
| 260 |
_aBuenos Aires : _bEdiciones Estudio; _c1973. |
||
| 300 |
_a220 paginas : _c18 cm. |
||
| 505 | _aLo común y lo peculiar -- Miseria de la filosofía -- La revolución permanente -- La guerra como panaca -- El comunismo cuartelero .. | ||
| 650 |
_aEl nacionalismo _95369 |
||
| 650 |
_aÍdolo _95370 |
||
| 650 |
_aEl nacionalismo _95369 |
||
| 942 |
_2ddc _cLIBROS |
||
| 945 |
_arum _d2019-02-27 |
||